| 000 | 00577nam a22001577a 4500 | ||
|---|---|---|---|
| 005 | 20120424125019.0 | ||
| 020 |
_a8178241196 _c295.00 |
||
| 035 | _aB-88304 | ||
| 037 |
_aDPL _bENG |
||
| 100 |
_aRobinson, Francis _945670 |
||
| 245 |
_aThe Ulama of farangi mahall and islamic culture in South Asia / _cby Francis Robinson |
||
| 260 |
_aDelhi _bPermanent Black _c2005 |
||
| 300 |
_a267p. _c20 cms. |
||
| 942 |
_2ddc _cEN _h506.0954 _mROB |
||
| 999 |
_c65558 _d65558 |
||